[Event "Bodensee-Cup"]
[Site "St Ingbert"]
[Date "2018.05.05"]
[Round "2"]
[White "Schnepp, Gunnar"]
[Black "Arcuti, Davide"]
[Result "1/2-1/2"]
[WhiteElo "2332"]
[BlackElo "2358"]
[PlyCount "45"]
[EventDate "2018.08.20"]
[EventType "team-tourn"]
[EventRounds "3"]
[EventCountry "GER"]
[SourceTitle "EXT 2020"]
[Source "ChessBase"]
[SourceDate "2019.10.17"]
[SourceVersion "1"]
[SourceVersionDate "2019.10.17"]
[SourceQuality "1"]
[WhiteTeam "Wuerttemberg"]
[BlackTeam "Switzerland"]
[WhiteTeamCountry "GER"]
[BlackTeamCountry "SUI"]

1. d4 Nf6 2. c4 e6 3. Nf3 d5 4. g3 Bb4+ 5. Bd2 Be7 6. Bg2 0-0 7. 0-0 c6 8. Qb3 Nbd7 9. Nc3 Nb6 10. c5 Nc4 11. Bf4 b6 12. cxb6 axb6 13. Ne5 Nxe5 14. Bxe5 Nd7 15. Bf4 Ba6 16. Rfd1 c5 17. Nb5 Bxb5 18. Qxb5 cxd4 19. b4 Rc8 20. Rac1 Rc3 21. Rxd4 Rxc1+ 22. Bxc1 Qc7 23. Bf4 1/2-1/2